Género y derechos humanos (Registro nro. 161936)

Detalles MARC
000 -LEADER
fixed length control field 00686nam a22002297a 4500
007 - PHYSICAL DESCRIPTION FIXED FIELD--GENERAL INFORMATION
fixed length control field cr|||| ||||
008 - FIXED-LENGTH DATA ELEMENTS--GENERAL INFORMATION
fixed length control field 130118e2005 cr |||||s|||| 00||0 spa d
020 ## - INTERNATIONAL STANDARD BOOK NUMBER
International Standard Book Number 9968-41-084-5
035 ## -
-- 6887
040 ## - CATALOGING SOURCE
Original cataloging agency vLex
090 ## -
-- 3547
-- 3547
100 10 - MAIN ENTRY--PERSONAL NAME
Personal name Scala, Jorge
245 10 - TITLE STATEMENT
Title Género y derechos humanos
Medium [Recurso electrónico]
256 ## -
-- Servicio en línea
260 ## - PUBLICATION, DISTRIBUTION, ETC. (IMPRINT)
Place of publication, distribution, etc San José (Costa Rica) :
Name of publisher, distributor, etc Ediciones Promesa Cultural,
Date of publication, distribution, etc 2005
300 ## - PHYSICAL DESCRIPTION
Extent 1 Recurso electrónico
650 04 - SUBJECT ADDED ENTRY--TOPICAL TERM
Topical term or geographic name as entry element Violencia de género
740 ## -
-- vLex Libros (Servicio en línea)
856 ## - LOCALIZACIÓN Y ACCESO ELECTRÓNICO
Host name Acceso restringido
Identificador Uniforme del Recurso (URI/URL) http://www.vlex.com/source/6887
942 ## -
-- RAA
999 ## -
-- 161936
-- 161936

No hay ítems disponibles.


CONTACTO


NOSOTROS


SITIOS DE INTERES

coordinacion.biblioteca.biblioteca@unienlinea.mx Misión, Visión y Objetivos Bases de datos
Directorio Bibliotecas Digitales y Repositorios
Normatividad Revistas y artículos
Convenios interbibliotecarios
Boletines



Hecho en México. Universidad Insurgentes (UIN). Todos los derechos reservados 2024. Esta página y sus contenidos pueden ser reproducidos con fines no lucrativos, siempre y cuando no se mutile, se cite la fuente completa y su dirección electrónicas. De otra forma requiere permiso previo por escrito de la institución




2024 Copyright Universidad Insurgentes | www.bibliouin.com.mx